=LDR 00000nam 2200000 4500 =001 INLIS000000000032909 =005 20130612134907 =008 ***********************************Ind** =035 ##$$0010-061300000032909 =041 ##$$a Ind =082 ##$$a 028.55 =090 ##$$a 028.55, Sas a =100 ##$$a Sasngko,Setiawan =245 ##$$a Animal Around Us Snail (Siput), Setiawan Sasangko;Editor Ruhy Shoheh =260 ##$$a 2007 $b Bandung =300 ##$$a 24 hlm., ilus., 23 cm =650 ##$$a Bacaan Kanak-Kanak =850 ##$$a NBPNMAT